| 000 | 00397cam a2200181 4500 | ||
|---|---|---|---|
| 001 | D12603 | ||
| 008 | 090401t1955 xxu||||| |||| 00| 0 eng d | ||
| 035 | _a(Sirsi) u4616 | ||
| 041 | _aeng | ||
| 100 | _aDavis, Raymond E. | ||
| 245 | _aElementary plane surveying | ||
| 250 | _a3rd | ||
| 260 |
_bMcGraw-Hill _c1955 |
||
| 350 | _a0 | ||
| 520 | _aShelf 178 | ||
| 942 | _n0 | ||
| 948 | _c04/03/1997 | ||
| 999 |
_c86045 _d86045 |
||